Analýza vybraného dodávateľa programatického nákupu

Testovanie rozhrania jedného z najrozšírenejších dodávateľov programatického nákupu na Slovensku a identifikácia, či môže byť za zníženým programatickým nákupom na Slovenskom trhu práve nepripravenosťdodávateľov. Prípadová štúdia vypracovaná na základe spolupráce so špecialistom zo spoločnosti Crimt...

Celý popis

Uložené v:
Podrobná bibliografia
Hlavný autor: Kuchta, Martin, 1990-
Ďalší autori: Kollár, Patrícia
Médium: Kapitola
Jazyk:Slovak
Predmet:
Tagy: Pridať tag
Žiadne tagy, Buďte prvý, kto otaguje tento záznam!

MARC

LEADER 00000nla a2200000 4500
001 0241283
005 20240502073928.2
041 0 |a slo 
044 |a SK 
245 1 0 |a Analýza vybraného dodávateľa programatického nákupu  |c Martin Kuchta, Patrícia Kollár 
520 |a Testovanie rozhrania jedného z najrozšírenejších dodávateľov programatického nákupu na Slovensku a identifikácia, či môže byť za zníženým programatickým nákupom na Slovenskom trhu práve nepripravenosťdodávateľov. Prípadová štúdia vypracovaná na základe spolupráce so špecialistom zo spoločnosti Crimtan. 
610 2 0 |a štúdie prípadové 
610 2 0 |a nákup elektronický 
610 2 0 |a dodávatelia 
610 2 0 |a technológie nové 
610 2 0 |a technológie obchodné 
610 2 0 |a inovácie technologické 
610 2 0 |a trh domáci 
610 2 0 |a dopyt spotrebiteľský 
100 1 |a Kuchta, Martin, 1990- 
700 1 |a Kollár, Patrícia